000 02372cam a2200325 4500500
005 20260322010520.0
041 _afre
042 _adc
100 1 0 _aMarsan, Mathieu
_eauthor
700 1 0 _aBrun, Cédric
_eauthor
245 0 0 _aUn an de label Science avec et pour la société à l’Université Bordeaux Montaigne
260 _c2026.
500 _a60
520 _aUn an après sa labellisation Science avec et pour la société (SAPS), par le ministère de l’Enseignement supérieur et de la Recherche, l’Université Bordeaux Montaigne propose un point d’étape sous la forme d’un retour d’expérience. Coordonné avec la politique de la recherche de l’établissement, le label SAPS a permis une structuration nouvelle afin de construire une culture commune de la médiation. De l’accompagnement d’initiatives existantes à la création d’outils, ressources et nouveaux dispositifs à destination de la communauté scientifique, la labellisation SAPS s’affirme, sur cette première année, comme un vecteur de transformation culturelle de l’université.
520 _a‪One year after receiving the Science with and for Society (SAPS) label from the Ministry of Higher Education and Research, University Bordeaux Montaigne is offering an update in the form of a feedback report. Coordinated with the institution’s research policy, the SAPS label has enabled a new structure to be put in place in order to build a common culture of mediation. From supporting existing initiatives to creating tools, resources and new mechanisms for the scientific community, the SAPS label has established itself, in its first year, as a vehicle for cultural transformation at the university.‪
690 _aculture scientifique
690 _alabel
690 _amédiation scientifique
690 _ascience avec et pour la société
690 _asciences humaines et sociales
690 _avulgarisation
690 _ahumanities and social sciences
690 _alabel
690 _apopularization
690 _ascience with and for society
690 _ascientific culture
690 _ascientific mediation
786 0 _nCommunication & Organisation | - | 2 | 2026-03-18 | p. 239-251 | 1168-5549
856 4 1 _uhttps://shs.cairn.info/revue-communication-et-organisation-2025-2-page-239?lang=fr&redirect-ssocas=7080
999 _c1757319
_d1757319